000 01393nam a2200349 i 4500
001 000038817
003 DO-SdBNP
005 20241025112950.0
007 ta
008 101007t2012 dr ac 001 0 spa d
020 _a9789945462449
040 _aDO-SdBNP
_bspa
_cBNPHU
_erda
041 _aspa
082 4 _a972.93053
_bC794a 2012
_222
100 1 _aCordero Michel, José R.,
_d1931-1959
_eautor
_4aut.
_946170
245 1 0 _aAnálisis de la Era de Trujillo :
_binforme sobre la República Dominicana, 1959 /
_cJosé R. Cordero Michel.
250 _aOctava edición
264 1 _asanto Domingo :
_bComisión Permanente de Efemérides Patrias,
_c2012.
300 _a138 páginas :
_bilustraciones, retratos ;
_c23 cm.
336 _atexto
_btxt
_2rdacontent
337 _asin mediación
_bn
_2rdamedia
338 _avolumen
_bnc
_2rdacarrier
490 0 _aColección 50 Aniversario del ajusticiamiento de Trujillo ;
_v10
500 _aIncluye índice onomástico
500 _aIncluye referencias bibliográficas y notas al pie de las páginas
504 _aBibliografía : páginas 133-136
590 _aInventariado, 2020/BT
650 4 _aEducación
_zRepública Dominicana
_xHistoria
_yEra de Trujillo, 1930-1961
_946171
651 4 _aRepública Dominicana
_xPolítica y gobierno
_yEra de Trujillo, 1930-1961
_91374
910 _aValidado. Control de calidad MFF
942 _2ddc
_cLBS1
999 _c38307
_d38307